|
|
|
|
| LEADER |
00000nam a22000004a 4500 |
| 001 |
AR-BbUGT5011 |
| 003 |
AR-BbUGT |
| 005 |
20181220001936.0 |
| 007 |
ta |
| 008 |
140224t2012 ag |0|||0|spa d |
| 020 |
|
|
|a 978-950-29-1359-9
|
| 040 |
|
|
|a AR-BbUGT
|b spa
|c AR-BbUGT
|
| 082 |
0 |
4 |
|a 338.4791
|
| 245 |
0 |
0 |
|a Turismo joven en Argentina:
|b tercer reporte de investigación /
|c compilado por Luisa Lucila Lazzari, Patricia Mouliá y Mariano Eriz.
|
| 260 |
|
|
|a Buenos Aires :
|b Universidad de Buenos Aires,
|c 2012.
|
| 300 |
|
|
|a 88 p. ;
|c 20 cm
|
| 653 |
|
|
|a Turismo Joven
|
| 653 |
|
|
|a Destinos Turísticos
|
| 700 |
1 |
|
|a Lazzari, Luisa Lucila.
|
| 700 |
1 |
|
|a Mouliá, Patricia Inés.
|
| 700 |
1 |
|
|a Eriz, Mariano.
|
| 942 |
|
|
|c BK
|h 338.4791
|i L457 2012
|2 ddc
|6 338_479100000000000_L457_2012
|
| 999 |
|
|
|c 12194
|d 12194
|